[Event "Reykjavik op"]
[Site "Reykjavik"]
[Date "2023.04.01"]
[Round "5"]
[White "Chamadia, Avaan"]
[Black "Girardin, Ives"]
[Result "1-0"]
[WhiteElo "1563"]
[BlackElo "2104"]
[PlyCount "79"]
[EventDate "2023.03.29"]
[EventType "swiss"]
[EventRounds "9"]
[EventCountry "ISL"]
[SourceTitle "CBM 213 Extra"]
[Source "ChessBase"]
[SourceDate "2023.05.31"]
[SourceVersion "1"]
[SourceVersionDate "2023.05.31"]
[SourceQuality "1"]

1. e4 c5 2. Nf3 Nc6 3. d3 g6 4. g3 Bg7 5. Bg2 Nf6 6. 0-0 d5 7. Qe2 Bg4 8. c3 d4 9. h3 Bxf3 10. Bxf3 e5 11. c4 0-0 12. Bg2 Ne8 13. f4 Nd6 14. f5 Rb8 15. g4 Qh4 16. Nd2 Qe7 17. Nf3 a6 18. b3 Nb4 19. h4 Rfe8 20. Nh2 gxf5 21. gxf5 Bf6 22. a3 Nc6 23. Ng4 Kh8 24. Nxf6 Qxf6 25. Bg5 Qg7 26. f6 Qg6 27. Qd2 Rg8 28. Kf2 Ne8 29. Bh3 Nxf6 30. Bf5 Qg7 31. Rg1 b5 32. Bh6 Nxe4+ 33. dxe4 Qf6 34. Bg5 Qd6 35. Qe2 f6 36. Qh5 Rb7 37. Bh6 d3 38. Rxg8+ Kxg8 39. Qe8+ Qf8 40. Qxf8# 1-0

[Event "Reykjavik op"]
[Site "Reykjavik"]
[Date "2023.03.31"]
[Round "4"]
[White "Alashtar, Asef"]
[Black "Chamadia, Avaan"]
[Result "0-1"]
[WhiteElo "2007"]
[BlackElo "1563"]
[PlyCount "128"]
[EventDate "2023.03.29"]
[EventType "swiss"]
[EventRounds "9"]
[EventCountry "ISL"]
[SourceTitle "CBM 213 Extra"]
[Source "ChessBase"]
[SourceDate "2023.05.31"]
[SourceVersion "1"]
[SourceVersionDate "2023.05.31"]
[SourceQuality "1"]

1. b3 e5 2. Bb2 Nc6 3. c4 g6 4. e3 Bg7 5. Nf3 Nge7 6. d4 exd4 7. Nxd4 Nxd4 8. Bxd4 Bxd4 9. Qxd4 0-0 10. Nc3 b6 11. h4 Nf5 12. Qf4 Bb7 13. e4 Re8 14. Be2 Nd4 15. Rd1 Nxe2 16. Kxe2 Bxe4 17. Nxe4 f5 18. f3 fxe4 19. fxe4 Qe7 20. Ke3 Qc5+ 21. Ke2 Rf8 22. Qe3 Qh5+ 23. Kd3 Rf6 24. Kc2 Qg4 25. Rd2 Re8 26. Re1 Rfe6 27. Qf3 Qxf3 28. gxf3 d6 29. Rf2 Rf6 30. f4 Re5 31. Kd3 Rh5 32. Rh1 g5 33. Rg1 Rxh4 34. Rxg5+ Kf8 35. f5 Rh3+ 36. Ke2 Rfh6 37. Rgg2 Kf7 38. Rg4 Kf6 39. Rg8 R6h4 40. Re8 Kf7 41. Rc8 Rxe4+ 42. Kf1 Re7 43. Kg2 Rh6 44. Kg3 Rf6 45. Kf4 Rh6 46. Rg2 Rh1 47. Kg5 h6+ 48. Kg4 Kf6 49. Rf8+ Rf7 50. Rg8 h5+ 51. Kg3 Rf1 52. Rf2 Rg1+ 53. Rg2 Rxg2+ 54. Kxg2 Rg7+ 55. Rxg7 Kxg7 56. Kg3 Kf6 57. Kh4 Kxf5 58. Kxh5 c6 59. Kh4 d5 60. cxd5 cxd5 61. Kg3 Ke4 62. Kf2 Kd3 63. Ke1 Kc2 64. Ke2 d4 0-1

[Event "Pan American-ch U10"]
[Site "Guayaquil"]
[Date "2019.07.27"]
[Round "9"]
[White "Mendoza Insunza, Miguel Angel"]
[Black "Chamadia, Avaan"]
[Result "1-0"]
[WhiteElo "1248"]
[BlackElo "1362"]
[PlyCount "179"]
[EventDate "2019.07.21"]
[EventType "swiss"]
[EventRounds "9"]
[EventCountry "ECU"]
[SourceTitle "EXT 2020"]
[Source "ChessBase"]
[SourceDate "2019.10.17"]
[SourceVersion "1"]
[SourceVersionDate "2019.10.17"]
[SourceQuality "1"]

1. e4 c5 2. g3 Nc6 3. Bg2 g6 4. Ne2 Bg7 5. 0-0 Nd4 6. Nxd4 cxd4 7. d3 e6 8. Nd2 d6 9. Nb3 Ne7 10. Bd2 0-0 11. c3 dxc3 12. Bxc3 d5 13. Bxg7 Kxg7 14. Rc1 d4 15. f4 f5 16. Qd2 fxe4 17. dxe4 d3 18. Rfd1 Qb6+ 19. Kh1 Rd8 20. Qc3+ Kg8 21. Rxd3 Nc6 22. Rxd8+ Qxd8 23. Qc4 Qe7 24. Rd1 Bd7 25. Nc5 b5 26. Qc3 Rd8 27. e5 Nb8 28. Nxd7 Nxd7 29. Bc6 Nb6 30. Rxd8+ Qxd8 31. Bf3 Qe8 32. Qc6 Qe7 33. Qxb5 Kf7 34. Kg2 Qd8 35. Qe2 Qd4 36. b3 Nc8 37. Qf2 Qd7 38. Qe2 Ne7 39. Qd1 Qc7 40. Qd2 Nf5 41. Be4 Ne7 42. Qc2 Qa5 43. Kh3 Qe1 44. Qd3 Qa5 45. a4 Qb6 46. Qc4 Qg1 47. b4 Qd1 48. a5 Nc8 49. Qc7+ Ne7 50. Qc4 Nc8 51. Qd3 Qh5+ 52. Kg2 Ne7 53. Bf3 Qh6 54. Qd6 g5 55. Qd4 gxf4 56. Qxf4+ Qxf4 57. gxf4 Nf5 58. b5 Ne3+ 59. Kf2 Nc4 60. b6 axb6 61. axb6 Nxb6 62. Be4 h6 63. Kg3 Nc4 64. Kg4 Kg7 65. Bb1 Ne3+ 66. Kf3 Nf1 67. Bd3 Nd2+ 68. Ke2 Nb3 69. Bc4 Nd4+ 70. Kd3 Nf3 71. Bxe6 Nxh2 72. Ke2 h5 73. Kf2 Kf8 74. Kg2 Ke7 75. Bf5 Kf7 76. Kxh2 Ke7 77. Kh3 Kf7 78. Kh4 Ke7 79. Kxh5 Kf7 80. Kh6 Ke7 81. Kg7 Ke8 82. e6 Ke7 83. Bh3 Ke8 84. f5 Ke7 85. f6+ Ke8 86. f7+ Kd8 87. f8Q+ Kc7 88. Qc5+ Kb7 89. e7 Ka6 90. Bc8# 1-0

[Event "Pan American-ch U10"]
[Site "Guayaquil"]
[Date "2019.07.26"]
[Round "8"]
[White "Chamadia, Avaan"]
[Black "Morales Risco, Hugo Alexander"]
[Result "0-1"]
[WhiteElo "1362"]
[BlackElo "1090"]
[PlyCount "80"]
[EventDate "2019.07.21"]
[EventType "swiss"]
[EventRounds "9"]
[EventCountry "ECU"]
[SourceTitle "EXT 2020"]
[Source "ChessBase"]
[SourceDate "2019.10.17"]
[SourceVersion "1"]
[SourceVersionDate "2019.10.17"]
[SourceQuality "1"]

1. e4 c5 2. Nf3 Nc6 3. d4 cxd4 4. Nxd4 Nf6 5. Nc3 e5 6. Ndb5 d6 7. Nd5 Nxd5 8. exd5 Nb8 9. c4 Nd7 10. Be3 Be7 11. Bd3 0-0 12. 0-0 a6 13. Nc3 f5 14. f4 e4 15. Be2 Bf6 16. Qd2 Qc7 17. Rac1 Nb6 18. Nd1 Nd7 19. Kh1 b6 20. Rg1 Qd8 21. Nf2 Bh4 22. g3 Be7 23. Bd4 Bf6 24. Be3 Qe7 25. Rg2 Kh8 26. Rgg1 Bb7 27. g4 fxg4 28. Nxg4 Rg8 29. Nf2 Rac8 30. b3 Nf8 31. f5 Nd7 32. Ng4 Ne5 33. Nxe5 Bxe5 34. Bg5 Bf6 35. Qf4 Bxg5 36. Rxg5 Rcf8 37. Qg4 Bc8 38. Qh5 Rf6 39. a3 Qf8 40. b4 Bxf5 0-1

[Event "Pan American-ch U10"]
[Site "Guayaquil"]
[Date "2019.07.22"]
[Round "2"]
[White "Chamadia, Avaan"]
[Black "Reyes Zavaleta, Cristhian Yamil"]
[Result "1-0"]
[WhiteElo "1362"]
[BlackElo "1136"]
[PlyCount "43"]
[EventDate "2019.07.21"]
[EventType "swiss"]
[EventRounds "9"]
[EventCountry "ECU"]
[SourceTitle "EXT 2020"]
[Source "ChessBase"]
[SourceDate "2019.10.17"]
[SourceVersion "1"]
[SourceVersionDate "2019.10.17"]
[SourceQuality "1"]

1. e4 e5 2. Nf3 Nc6 3. Bc4 d6 4. h3 Nf6 5. Ng5 Be6 6. Bxe6 fxe6 7. Nxe6 Qe7 8. Nxf8 Rxf8 9. Nc3 Qf7 10. 0-0 h5 11. d3 Rg8 12. Bg5 Nd4 13. Nd5 c6 14. Ne3 Nh7 15. f4 Qg6 16. h4 Nf6 17. f5 Qf7 18. Bxf6 Qxf6 19. Qxh5+ g6 20. Qh7 Rb8 21. Ng4 Rf8 22. Nxf6+ 1-0